| 000 | 01240nam a2200265Ia 4500 | ||
|---|---|---|---|
| 001 | K0384 | ||
| 003 | IT-RoPAU | ||
| 008 | 130308s9999 xx 000 0 und d | ||
| 040 | _aIT-RoPAU | ||
| 040 | _cIT-RoPAU | ||
| 041 | _aITALIANO | ||
| 100 | _aAA.VV. | ||
| 100 | _gCodice Aut. SPICS: 12000 | ||
| 245 | _aMuseo del tesoro cattedrale di Aosta | ||
| 245 | _bMuseo del tesoro cattedrale di Aosta | ||
| 250 | _a1a ed. | ||
| 260 | _bs.e. (senza Editrice o non identificata) | ||
| 300 | _a"142 p. (prefazione: no ; testo: 142 [pagine: 0-0])" | ||
| 500 | _a"Tesoro della cattedrale Atrraverso Secoli. museo del tesoro della cattedrale di Aosta: Criteri di Ordinamento e scelte Progettuali; Alcune proposte di Lettura. cenni storici Sulla Cattedrale. Catalogo delle Opere: di Proprietà della Cattedrale; Opere in Deposito. Illustrazionei in bianco e Nero e a Colori di Autori Vari. testo Anche in Francese. " | ||
| 650 | _aSAGGI SULLE ARTI VISIVE | ||
| 650 | _eCodice materia Spics: 5011 | ||
| 942 | _cBK | ||
| 957 | _71 | ||
| 999 |
_c77111 _d77111 |
||
| 999 | _g1 | ||